Analysis of Legal Regulation of Mining Tax in the Russian Federation

Detalles Bibliográficos
Autor principal: Tshibola Lubeshi, Aimě Murphie
Formato: eBook
Lenguaje:inglés
Publicado: Mosc:︢ Lambert Academic Publishing, 2019
Materias:
Acceso en línea:Acceso restringido

MARC

LEADER 00000nam a22000007a 4500
005 20190920002521.0
007 cr|||| ||||
008 190920s2019 ru |||||s|||| 00||0 eng d
020 |a 9786139475216 
035 |a 29823 
040 |a vLex 
090 |c 9606  |d 9606 
100 1 |a Tshibola Lubeshi, Aimě Murphie 
245 1 0 |a Analysis of Legal Regulation of Mining Tax in the Russian Federation  |h [Recurso electrn̤ico] /  |c Aimě Murphie Tshibola Lubeshi 
256 |a Servicio en ln̕ea 
260 |a Mosc:︢  |b Lambert Academic Publishing,  |c 2019 
300 |a 1 recurso electrn̤ico 
500 |a The regulatory problems of the mining industry itself has shown with the emergence of the difficult economic situation in the country and in the world, the main negative factor has been the reduction of oil prices on the world market. Revenues from the use of natural resources therefore represent a significant part of the tax revenues of the Russian Federation's budget, and it is important to create an efficient system of taxation of the extractive industries of the Russian economy, ensuring both the stability of tax revenues and the possibility of an efficient development of the industry. 
506 1 |a Disponible solo en los productos indicados  |d vLex Global  |d vLex Global (Academic Edition, excluding Law Schools)  |d vLex Global (U.S. Academic Edition, Law Schools)  |d vLex Global (U.S. Academic Edition, excluding Law Schools)  |d vLex Global (Academic Edition, Law Schools) 
650 0 4 |a Derecho Fiscal  |z Rusia 
740 0 |a vLex Libros (Servicio en ln̕ea) 
856 4 0 |u http://vlex.com/source/29823  |z Acceso restringido 
942 |c BOOK 
999 0 |a Tax Law